Real analysis / (Record no. 39857)

MARC details
000 -LEADER
fixed length control field 00774nam a22002297a 4500
005 - DATE AND TIME OF LATEST TRANSACTION
control field 20100806150646.0
010 ## - LCCN (DPL NO)
LC control number ENG-98712
020 ## - INTERNATIONAL STANDARD BOOK NUMBER
Terms of availability 90.00
International Standard Book Number 9789380421032
035 ## - SYSTEM CONTROL NUMBER
System control number EN-82244
037 ## - SOURCE OF ACQUISITION
Source of stock number/acquisition DBAD/PUB
082 ## - DEWEY DECIMAL CLASSIFICATION NUMBER
Classification number 517.52
100 ## - MAIN ENTRY--PERSONAL NAME
Personal name R. Lalitha
245 ## - TITLE STATEMENT
Title Real analysis /
Statement of responsibility, etc by R. Lalitha
260 ## - PUBLICATION, DISTRIBUTION, ETC. (IMPRINT)
Place of publication, distribution, etc Thanjavur
Name of publisher, distributor, etc Nalankilli Pathippagam
Date of publication, distribution, etc 2009
270 ## - ADDRESS
Address 1271, Sulthanjiappa Lane, South Rampart
City Thanjavur
Postal code 613001
300 ## - PHYSICAL DESCRIPTION
Extent 132 p.
Dimensions 22 cm. (Pbk)
650 ## - SUBJECT ADDED ENTRY--TOPICAL TERM
Topical term or geographic name as entry element Function of real variables
650 ## - SUBJECT ADDED ENTRY--TOPICAL TERM
Topical term or geographic name as entry element Functional analysis
700 ## - ADDED ENTRY--PERSONAL NAME
9 (RLIN) 7380
942 ## - ADDED ENTRY ELEMENTS (KOHA)
Source of classification or shelving scheme Dewey Decimal Classification
Item type English Books
Classification part 517.52
Call number suffix RLA
Holdings
Withdrawn status Lost status Not for loan Collection code Home library Current library Date acquired Cost, normal purchase price Full call number Barcode Copy number Cost, replacement price Koha item type
    Not For Loan Non-fiction D.B.Act.Division D.B.Act.Division 06/08/2010 90.00 517.52 RLA EN-82244 1 90.00 English Books

© Delhi Public Library
Hit Counter
free hit counter